| 000 | 00397nam a2200157Ia 4500 | ||
|---|---|---|---|
| 008 | 241228s9999 xx 000 0 und d | ||
| 020 | _a9781032370446 | 9781032370477 | ||
| 082 | _a581.7 TRI/E | ||
| 100 | _aTripathi, Sachchidanand | ||
| 245 | 0 | _aEcophysiology of tropical plants : | |
| 260 | _aBoca Raton, | ||
| 260 | _bCRC Press, | ||
| 260 | _c2024 | ||
| 300 | _axxiii, 313p. | ||
| 942 | _cBK | ||
| 999 |
_c40124 _d40124 |
||